000 00693nam a22002657a 4500
999 _c315075
_d315075
001 28704
003 UA-OsUOA
005 20200402223220.0
007 ta
008 20050422b un ||||| |||| 00| 0 ukr d
020 _a5811400632
040 _aUA-OsUOA
_brus
_cUA-OsUOA
_dUA-OsUOA
041 _arus
044 _aRU
080 _a008(091)
090 _a008(091)
_bК78
100 _aКравцова М. Е.
245 _aИстория культуры Китая
260 _aСПб.
_bЛань
_c2003
300 _a416 с.
_bІлюстрації
650 7 _2UDC
942 _cBK
_2udc
955 _a0